Pain : [papers] /

Saved in:
Bibliographic Details
Main Author: Knighton, Robert S.
Corporate Author: Henry Ford Hospital
Other Authors: Dumke, Paul R., 1911-
Format: Book
Language:English
Published: Boston : Little, Brown, [1966].
Series:Henry Ford Hospital international symposium.
Subjects:
LEADER 01101nam a2200265 i 4500
001 c000307848
003 CARM
005 00000000000000.0
008 840316s1966 mau 0 eng d
019 1 |a 10222164  |5 LACONCORD2021 
035 |a (OCoLC)7374065  |5 LACONCORD2021 
082 0 4 |a 616.849 
100 1 |a Knighton, Robert S. 
245 1 0 |a Pain :  |b [papers] /  |c Editors: Robert S. Knighton and Paul R. Dumke ; Foreword by James C. White. 
260 |a Boston :  |b Little, Brown,  |c [1966]. 
300 |a 587 p. :  |b illus. 
490 0 |a Henry Ford Hospital, Detroit. International symposium 
500 |a "Sponsored by the Henry Ford Hospital, Detroit, Michigan, and held at the hospital October 21, 22, 23, 1964". 
650 0 |a Pain. 
700 1 |a Dumke, Paul R.,  |d 1911- 
710 2 |a Henry Ford Hospital. 
830 0 |a Henry Ford Hospital international symposium. 
852 8 |b CARM  |h A1:AQ34F0  |i C11121  |p 0504133  |f BK 
999 f f |i f1450c3a-e3b7-5bc9-bb9f-26eb7e5eb88a  |s a9721cf3-c867-5e0a-8b17-26624684cba2 
952 f f |p Can circulate  |a CAVAL  |b CAVAL  |c CAVAL  |d CARM 1 Store  |e C11121  |f A1:AQ34F0  |h Other scheme  |i book  |m 0504133